todos os campeões da UEFA champions league - Statistics

Estatísticas Gerais
  • Esse quiz foi jogado 8 420 vezes
  • A pontuação média é 55 de 65
Estatísticas das Respostas
ano Resposta % Correto
2018 Real Madrid
99%
2017 Real Madrid
99%
2016 Real Madrid
99%
2014 Real Madrid
99%
2002 Real Madrid
99%
2000 Real Madrid
99%
1998 Real Madrid
99%
1966 Real Madrid
99%
1960 Real Madrid
99%
1959 Real Madrid
99%
1958 Real Madrid
99%
1957 Real Madrid
99%
1956 Real Madrid
99%
2015 Barcelona
98%
2011 Barcelona
98%
2009 Barcelona
98%
2006 Barcelona
98%
1992 Barcelona
98%
2019 Liverpool
95%
1984 Liverpool
95%
1981 Liverpool
95%
1978 Liverpool
95%
1977 Liverpool
95%
2007 Milan
94%
2005 Milan
94%
2003 Milan
94%
1994 Milan
94%
1990 Milan
94%
1989 Milan
94%
1969 Milan
94%
1963 Milan
94%
2020 Bayern
91%
2013 Bayern
91%
2001 Bayern
91%
1976 Bayern
91%
1975 Bayern
91%
1974 Bayern
91%
1964 Interazionale
91%
2010 Internazionale
91%
1965 Internazionale
91%
2008 Manchester United
91%
1999 Manchester United
91%
1968 Manchester United
91%
2012 Chelsea
90%
2004 Porto
83%
1987 Porto
83%
1996 Juventus
80%
1985 Juventus
80%
1962 Benfica
77%
1961 Benfica
77%
1995 Ajax
73%
1973 Ajax
73%
1972 Ajax
73%
1971 Ajax
73%
1997 Borussia Dortmund
67%
1991 Estrela Vermelha
58%
1980 Nottingham Forest
56%
1979 Nottingham Forest
56%
1982 Aston Villa
52%
1988 PSV
47%
1967 Celtic
44%
1983 Hamburgo
42%
1993 Olympique de marselle
31%
1970 Feyenoord
30%
1986 Steaua Bucareste
28%
Nenhum quiz correspondente encontrado
Distribuição das Pontuações
Porcentagem de Pessoas com Cada Pontuação
Percentil de Números Respondidos
Sua Pontuação Histórica
Você não jogou esse quiz